[Event "CAN-ch University"]
[Site "Ottawa"]
[Date "2018.01.13"]
[Round "2"]
[White "Barlow Wilkes, Curtis"]
[Black "Yao, Houji"]
[Result "1/2-1/2"]
[WhiteElo "1981"]
[BlackElo "2096"]
[PlyCount "112"]
[EventDate "2018.01.13"]
[EventType "swiss"]
[EventRounds "5"]
[EventCountry "CAN"]
[SourceTitle "EXT 2022"]
[Source "ChessBase"]
[SourceDate "2021.10.06"]
[SourceVersion "1"]
[SourceVersionDate "2021.10.06"]
[SourceQuality "1"]

1. d4 Nf6 2. Nf3 g6 3. g3 Bg7 4. Bg2 0-0 5. 0-0 d5 6. c4 c6 7. Nc3 dxc4 8. Ne5 Be6 9. e3 Nbd7 10. f4 Qa5 11. Qe2 Nxe5 12. fxe5 Nd5 13. Bd2 Qb6 14. Na4 Qc7 15. Nc5 Qc8 16. Nxe6 Qxe6 17. Qxc4 Bh6 18. e4 Bxd2 19. exd5 cxd5 20. Bxd5 Qg4 21. Rxf7 Rxf7 22. Rf1 Raf8 23. Rxf7 Rxf7 24. Bxf7+ Kg7 25. Bd5 Be3+ 26. Kg2 Bxd4 27. h3 Qd1 28. Qf1 Qd2+ 29. Kh1 Bf2 30. Bc4 Qxb2 31. e6 Qd2 32. Kg2 Bd4+ 33. Qe2 Qc1 34. Qf1 Qc2+ 35. Qe2 Qb1 36. Qf1 Qb2+ 37. Qe2 Qb4 38. Qd3 Qc5 39. Qf1 Qc6+ 40. Kh2 Bf6 41. Qd3 a6 42. h4 b5 43. Bd5 Qd6 44. Kh3 Qe5 45. Qe4 Qb2 46. Qf3 Qd2 47. Qg2 Qd4 48. Qe4 Qc5 49. Qf3 a5 50. h5 a4 51. hxg6 hxg6 52. Be4 Qc1 53. Qf4 Qxf4 54. gxf4 b4 55. Bc2 a3 56. Kg4 Bc3 1/2-1/2

[Event "Eastern Ontario op"]
[Site "Ottawa"]
[Date "2014.06.20"]
[Round "1"]
[White "Barlow Wilkes, Curtis"]
[Black "Doubleday, William G"]
[Result "0-1"]
[WhiteElo "1952"]
[BlackElo "2208"]
[PlyCount "36"]
[EventDate "2014.06.20"]
[EventType "swiss"]
[EventRounds "5"]
[EventCountry "CAN"]
[SourceTitle "EXT 2015"]
[Source "ChessBase"]
[SourceDate "2014.11.20"]
[SourceVersion "1"]
[SourceVersionDate "2014.11.20"]
[SourceQuality "1"]

1. e4 c5 2. c4 Nc6 3. Nc3 g6 4. g3 Bg7 5. Bg2 d6 6. Nge2 h5 7. d3 h4 8. 0-0 hxg3 9. hxg3 Bh3 10. Bxh3 Rxh3 11. Kg2 Qd7 12. Be3 0-0-0 13. Rh1 Rxh1 14. Qxh1 Nf6 15. f3 Rh8 16. Qg1 Ne5 17. Rd1 Qh3+ 18. Kf2 Qh2+ 0-1

[Event "Gatineau op"]
[Site "Gatineau"]
[Date "2014.03.01"]
[Round "3"]
[White "Barlow Wilkes, Curtis"]
[Black "Adriaanse, Adam"]
[Result "0-1"]
[WhiteElo "1835"]
[BlackElo "2097"]
[PlyCount "58"]
[EventDate "2014.01.28"]
[EventType "swiss"]
[EventRounds "5"]
[EventCountry "CAN"]
[SourceTitle "EXT 2015"]
[Source "ChessBase"]
[SourceDate "2014.11.20"]
[SourceVersion "1"]
[SourceVersionDate "2014.11.20"]
[SourceQuality "1"]

1. e4 c5 2. Nc3 Nc6 3. g3 g6 4. Bg2 Bg7 5. d3 Nf6 6. Be3 d6 7. h3 Rb8 8. Qd2 b5 9. Bh6 0-0 10. Bxg7 Kxg7 11. Nf3 b4 12. Ne2 e6 13. 0-0 d5 14. exd5 exd5 15. g4 Be6 16. Ng3 Nd7 17. d4 c4 18. Rfe1 Nb6 19. Ne5 Nxe5 20. Rxe5 c3 21. Qf4 cxb2 22. Rae1 Nc4 23. Rh5 gxh5 24. Nxh5+ Kh8 25. Nf6 Rg8 26. Qh6 Rg7 27. Bf1 b1Q 28. Rxb1 Nd2 29. Bd3 Ne4 0-1

[Event "Gatineau op"]
[Site "Gatineau"]
[Date "2014.01.28"]
[Round "1"]
[White "Simic, Dusan"]
[Black "Barlow Wilkes, Curtis"]
[Result "0-1"]
[WhiteElo "2175"]
[BlackElo "1835"]
[PlyCount "54"]
[EventDate "2014.01.28"]
[EventType "swiss"]
[EventRounds "5"]
[EventCountry "CAN"]
[SourceTitle "EXT 2015"]
[Source "ChessBase"]
[SourceDate "2014.11.20"]
[SourceVersion "1"]
[SourceVersionDate "2014.11.20"]
[SourceQuality "1"]

1. c4 e6 2. Nf3 d5 3. d4 Nf6 4. Nc3 c6 5. cxd5 exd5 6. Qc2 Bg4 7. Ne5 Bh5 8. Bg5 Be7 9. e3 Ne4 10. Bxe7 Qxe7 11. Nxe4 dxe4 12. g4 Bg6 13. 0-0-0 Nd7 14. Nxg6 hxg6 15. Bg2 f5 16. Kb1 0-0-0 17. Rdg1 Nf6 18. gxf5 gxf5 19. Bf1 Nd5 20. Rg3 g5 21. h3 f4 22. exf4 gxf4 23. Ra3 Nb4 24. Qb3 Rxd4 25. Bc4 e3 26. Be6+ Kb8 27. fxe3 Qh7+ 0-1

[Event "Gatineau op U1600"]
[Site "Gatineau"]
[Date "2013.03.01"]
[Round "1"]
[White "Traversy, Pierre"]
[Black "Barlow Wilkes, Curtis"]
[Result "0-1"]
[WhiteElo "859"]
[BlackElo "1490"]
[PlyCount "62"]
[EventDate "2013.03.01"]
[EventType "swiss"]
[EventRounds "5"]
[EventCountry "CAN"]
[SourceTitle "EXT 2022"]
[Source "ChessBase"]
[SourceDate "2021.10.06"]
[SourceVersion "1"]
[SourceVersionDate "2021.10.06"]
[SourceQuality "1"]

1. d4 Nf6 2. Nf3 d5 3. Nc3 e6 4. Bf4 Bd6 5. Ne5 c5 6. Bg5 cxd4 7. Nf3 dxc3 8. bxc3 Qa5 9. Bxf6 gxf6 10. Qd2 Nc6 11. e3 b6 12. Bd3 Ne5 13. Nd4 Ba6 14. Bxa6 Qxa6 15. Qe2 Qxe2+ 16. Nxe2 Rg8 17. Ng3 Rc8 18. f4 Nc4 19. Ke2 f5 20. Rab1 Bc5 21. Rb3 Bxe3 22. Rb4 Bxf4 23. Kf3 Bd6 24. Ra4 a5 25. Rb1 Nd2+ 26. Ke2 Nxb1 27. Rh4 Bxg3 28. Rxh7 Be5 29. c4 Rxc4 30. Kd3 Rxg2 31. Rh3 Rc3# 0-1